Tommaso Ghezzani, Il Platonico innamorato. Poesia, Amore, Magia in Francesco Patrizi da Cherso, Florence, Leo S. Olschki Editore, 2023, 260 p. (notice n° 1547104)
[ vue normale ]
| 000 -LEADER | |
|---|---|
| fixed length control field | 00609cam a2200145 4500500 |
| 005 - DATE AND TIME OF LATEST TRANSACTION | |
| control field | 20251012032346.0 |
| 041 ## - LANGUAGE CODE | |
| Language code of text/sound track or separate title | fre |
| 042 ## - AUTHENTICATION CODE | |
| Authentication code | dc |
| 100 10 - MAIN ENTRY--PERSONAL NAME | |
| Personal name | Tochon-Danguy, Baptiste |
| Relator term | author |
| 245 00 - TITLE STATEMENT | |
| Title | Tommaso Ghezzani, Il Platonico innamorato. Poesia, Amore, Magia in Francesco Patrizi da Cherso, Florence, Leo S. Olschki Editore, 2023, 260 p. |
| 260 ## - PUBLICATION, DISTRIBUTION, ETC. | |
| Date of publication, distribution, etc. | 2025.<br/> |
| 500 ## - GENERAL NOTE | |
| General note | 43 |
| 786 0# - DATA SOURCE ENTRY | |
| Note | Revue de métaphysique et de morale | 125 | 3 | 2025-09-25 | p. 447-450 | 0035-1571 |
| 856 41 - ELECTRONIC LOCATION AND ACCESS | |
| Uniform Resource Identifier | <a href="https://shs.cairn.info/revue-revue-de-metaphysique-et-de-morale-2025-3-page-447?lang=fr&redirect-ssocas=7080">https://shs.cairn.info/revue-revue-de-metaphysique-et-de-morale-2025-3-page-447?lang=fr&redirect-ssocas=7080</a> |
Pas d'exemplaire disponible.




Réseaux sociaux